000 01304nam a2200349Ia 4500
001 ebr10660231
003 CaPaEBR
006 m u
007 cr cn|||||||||
008 080825s2009 nyu sb 001 0deng d
010 _z 2008037249
020 _z1606921991 (hardcover)
020 _z9781606921999 (hardcover)
020 _z9781607412182 (ebook)
040 _aCaPaEBR
_cCaPaEBR
035 _a(OCoLC)425966284
050 1 4 _aBV4527
_b.C4185 2009eb
082 0 4 _a248.8/43089951
_222
100 1 _aChan, Zenobia C. Y.
245 1 0 _aSilenced women
_h[electronic resource] /
_cZenobia C.Y. Chan.
260 _aNew York :
_bNova Science Publishers,
_cc2009.
300 _avi, 167 p.
504 _aIncludes bibliographical references and index.
533 _aElectronic reproduction.
_bPalo Alto, Calif. :
_cebrary,
_d2013.
_nAvailable via World Wide Web.
_nAccess may be limited to ebrary affiliated libraries.
630 0 0 _aBible
_xCriticism, interpretation, etc.
650 0 _aChristian women
_xReligious life.
650 0 _aTheology.
650 0 _aWomen
_xSocial conditions.
655 7 _aElectronic books.
_2local
710 2 _aebrary, Inc.
856 4 0 _uhttp://site.ebrary.com/lib/rucke/Doc?id=10660231
_zAn electronic book accessible through the World Wide Web; click to view
999 _c67592
_d67592